Selected essays on the dynamics of the capitalist economy 1933-1970 (Record no. 78960)

MARC details
000 -LEADER
fixed length control field 00435nam a2200157Ia 4500
008 - FIXED-LENGTH DATA ELEMENTS--GENERAL INFORMATION
fixed length control field 230917s9999||||xx |||||||||||||| ||und||
020 ## - ISBN
Price POU7.5
040 ## - CATALOGING SOURCE
-- 14290
Original cataloging agency VIVEKANANDA LIBRARY
041 ## - Language
-- English
082 ## - DDC NUMBER
Classification number 330.122 K124S
100 ## - MAIN ENTRY--PERSONAL NAME
Personal name Kalecki, Michal
245 #0 - TITLE STATEMENT
Title Selected essays on the dynamics of the capitalist economy 1933-1970
260 ## - PUBLICATION, DISTRIBUTION, ETC. (IMPRINT)
Place of publication, distribution, etc Cambridge
Name of publisher, distributor, etc Cambridge University Press
Date of publication, distribution, etc 1977
300 ## - PHYSICAL DESCRIPTION
Pages vii,197 p.
942 ## - ADDED ENTRY ELEMENTS (KOHA)
Koha item type Books
Holdings
Withdrawn status Lost status Damaged status Not for loan Location (home branch) Sublocation or collection (holding branch) Date acquired Koha issues (times borrowed) Koha full call number Accession No. Koha date last seen Koha item type
        VIVEKANANDA LIBRARY VIVEKANANDA LIBRARY 08/08/2002   330.122 K124S 155116 17/09/2023 Books
© Designed and Maintained by Vivekananda Library, MDU Rohtak